Sixpence in her shoe / (Record no. 16022)
[ view plain ]
| 000 -LEADER | |
|---|---|
| fixed length control field | 00836cam a22003011 4500 |
| 001 - CONTROL NUMBER | |
| control field | 9389875 |
| 003 - CONTROL NUMBER IDENTIFIER | |
| control field | OSt |
| 005 - DATE AND TIME OF LATEST TRANSACTION | |
| control field | 20140310182803.0 |
| 008 - FIXED-LENGTH DATA ELEMENTS--GENERAL INFORMATION | |
| fixed length control field | 720420s1964 nyu 000 0aeng |
| 010 ## - LIBRARY OF CONGRESS CONTROL NUMBER | |
| LC control number | 64015460 |
| 035 ## - SYSTEM CONTROL NUMBER | |
| System control number | (OCoLC)289397 |
| 040 ## - CATALOGING SOURCE | |
| Original cataloging agency | DLC |
| Transcribing agency | ODaWU |
| Modifying agency | OCoLC |
| -- | DLC |
| 042 ## - AUTHENTICATION CODE | |
| Authentication code | premarc |
| 050 00 - LIBRARY OF CONGRESS CALL NUMBER | |
| Classification number | PS 3525 |
| Item number | .M478 1964 |
| 082 ## - DEWEY DECIMAL CLASSIFICATION NUMBER | |
| Classification number | M 818.52 |
| Item number | M17 1964 |
| 100 1# - MAIN ENTRY--PERSONAL NAME | |
| Personal name | McGinley, Phyllis, |
| Dates associated with a name | 1905-1978. |
| 245 10 - TITLE STATEMENT | |
| Title | Sixpence in her shoe / |
| Statement of responsibility, etc | McGinley, Phyllis |
| 260 ## - PUBLICATION, DISTRIBUTION, ETC. (IMPRINT) | |
| Place of publication, distribution, etc | New York, NY : |
| Name of publisher, distributor, etc | Dell Publishing Co., Inc., |
| Date of publication, distribution, etc | c1964. |
| 300 ## - PHYSICAL DESCRIPTION | |
| Extent | 256 p. : |
| Dimensions | 18 cm. |
| 490 0# - SERIES STATEMENT | |
| Series statement | A Macmillan career book |
| 500 ## - GENERAL NOTE | |
| General note | Autobiographical. |
| 521 ## - TARGET AUDIENCE NOTE | |
| Target audience note | |
| 526 ## - STUDY PROGRAM INFORMATION NOTE | |
| Reading level | 1210L-1700L |
| 541 ## - IMMEDIATE SOURCE OF ACQUISITION NOTE | |
| -- | 1 |
| 562 ## - COPY AND VERSION IDENTIFICATION NOTE | |
| Number of copies | 1 |
| 906 ## - LOCAL DATA ELEMENT F, LDF (RLIN) | |
| a | 7 |
| b | cbc |
| c | oclcrpl |
| d | u |
| e | ncip |
| f | 19 |
| g | y-gencatlg |
| 942 ## - ADDED ENTRY ELEMENTS (KOHA) | |
| Source of classification or shelving scheme | Library of Congress Classification |
| Koha item type | Books |
| Call number prefix | |
| Withdrawn status | Lost status | Source of classification or shelving scheme | Damaged status | Home library | Current library | Shelving location | Date acquired | Source of acquisition | Total Checkouts | Full call number | Barcode | Date last seen | Copy number | Price effective from | Koha item type |
|---|---|---|---|---|---|---|---|---|---|---|---|---|---|---|---|
| Library of Congress Classification | Archives | Archives | 06/08/2013 | Donation | PS 3525 .M478 1964 | C1653 | 05/15/2018 | 1 | 11/14/2013 | Books |